01037nam a2200205 a 450000100100000000500170001000800410002702000180006804000250008610000300011124501430014126000810028430000210036550000690038650000260045595201170048195201050059895201110070399900170081400004842020201002061135.0190314s2017 000 spa d a9789945590722 aDO-SdBNPbspacBNPHU aValdés, Julián97437413aLa relación naturaleza-cultura como clave hermenéutica de la antropología estructural de Claude Lévi-Strauss /cJulián Valdés. aSanto Domingo :bFundación Global Democracia y Desarrollo FUNGLODE,c2017. a247 p. ;c24 cm. aIncluye datos biográficos el autor en la solapa de la cubierta aInventariado, 2019/VM 001054708MOaGRbGRcHDd2019-03-14iLF1l0o p48420-30r2020-06-25te. 3w2020-06-25y4ZPréstamo en sala 001050718MOaPDbPDcHDd2019-03-14iLF1l0o p48420-10r2020-06-25w2020-06-25y1ZNo se presta 001050718MOaPDbPDcHDd2019-03-14iLF1l0o p48420-20r2020-06-25te. 2w2020-06-25y1ZNo se presta c47908d47908